Mythische Sphärenwechsel : (Record no. 1738)

MARC details
000 -LEADER
fixed length control field 04127cam a2200469 i 4500
001 - CONTROL NUMBER
control field data
005 - DATE AND TIME OF LATEST TRANSACTION
control field 20260322212115.0
008 - FIXED-LENGTH DATA ELEMENTS--GENERAL INFORMATION
fixed length control field data
035 ## - SYSTEM CONTROL NUMBER
System control number 21222369
010 ## - LIBRARY OF CONGRESS CONTROL NUMBER
LC control number 2019951662
020 ## - INTERNATIONAL STANDARD BOOK NUMBER
International Standard Book Number 9783110652529
Qualifying information (hardcover)
020 ## - INTERNATIONAL STANDARD BOOK NUMBER
Canceled/invalid ISBN 9783110652543
Qualifying information (PDF)
020 ## - INTERNATIONAL STANDARD BOOK NUMBER
Canceled/invalid ISBN 9783110652840
Qualifying information (EPUB)
035 ## - SYSTEM CONTROL NUMBER
System control number (OCoLC)1096293249
040 ## - CATALOGING SOURCE
Original cataloging agency YDX
Language of cataloging eng
Description conventions rda
Transcribing agency YDX
Modifying agency DLC
-- OCLCF
-- CHVBK
-- OCLCO
-- OHX
-- FDA
-- OCLCO
-- OCLCQ
-- CUT
-- MEAUC
-- PTS
-- OCLCO
-- OCLCQ
-- CUY
-- OCLCO
-- PUL
-- DLC
041 0# - LANGUAGE CODE
Language code of text/sound track or separate title eng
-- eng
042 ## - AUTHENTICATION CODE
Authentication code lccopycat
050 00 - LIBRARY OF CONGRESS CALL NUMBER
Classification number BL304
Item number .M9243 2020
082 04 - DEWEY DECIMAL CLASSIFICATION NUMBER
Classification number 201.3
Edition information 23
245 00 - TITLE STATEMENT
Title Mythische Sphärenwechsel :
Remainder of title methodisch neue Zugänge zu antiken Mythen in Orient und Okzident /
Statement of responsibility, etc. herausgegeben von Annette Zgoll und Christian Zgoll.
264 #1 - PRODUCTION, PUBLICATION, DISTRIBUTION, MANUFACTURE, AND COPYRIGHT NOTICE
Place of production, publication, distribution, manufacture Boston :
-- Boston :
Name of producer, publisher, distributor, manufacturer De Gruyter,
Date of production, publication, distribution, manufacture, or copyright notice [2020]
264 #4 - PRODUCTION, PUBLICATION, DISTRIBUTION, MANUFACTURE, AND COPYRIGHT NOTICE
Date of production, publication, distribution, manufacture, or copyright notice ©2020
300 ## - PHYSICAL DESCRIPTION
Extent xix, 639 pages ;
Dimensions 24 cm.
336 ## - CONTENT TYPE
Content type term text
Content type code txt
Source rdacontent
337 ## - MEDIA TYPE
Media type term unmediated
Media type code n
Source rdamedia
338 ## - CARRIER TYPE
Carrier type term volume
Carrier type code nc
Source rdacarrier
490 0# - SERIES STATEMENT
Series statement Mythological studies,
International Standard Serial Number 2626-9163 ;
Volume/sequential designation Band 2
504 ## - BIBLIOGRAPHY, ETC. NOTE
Bibliography, etc. note Includes bibliographical references and index.
505 00 - FORMATTED CONTENTS NOTE
Title Sphärenwechsel innerhalb des Totenreichs : Schutzgott, Totengericht und die Hoffnung auf ein gutes Leben nach dem Tod im akkadischen GebetSB19319, dem hebräischen Psalm 23 und anderen antiken Quellen /
Statement of responsibility Daniel A. Werning.
-- Christian Zgoll --
Title Myths as Polymorphous and polystratic Erzählstoffe : a theoretical and methodological foundation /
Statement of responsibility Christian Zgoll --
Title Durch Tod zur Macht, selbst über den Tod : mythische Strata von Unterweltsgang und Auferstehung der Innana/Ištar in sumerischen und akkadischen Quellen /
Statement of responsibility Annette Zgoll --
Title Zum Hades und darüber hinaus Mythische griechische Vorstellungen zum Weg des Menschen über den Tod ins Jenseits von Homer bis Platon /
Statement of responsibility Heinz-Gunther Nesselrath --
Title Sphärenwechsel innerhalb des Totenreichs : Schutzgott, Totengericht und die Hoffnung auf ein gutes Leben nach dem Tod im akkadischen GebetSB19319, dem hebräischen Psalm 23 und anderen antiken Quellen /
Statement of responsibility Annette Zgoll -- An der Schwelle zur Unterwelt : Liminalität und mythische stratigraphie in Vergils Polydoruserzählung (Aen. 3,13-68) /
-- Ulrike-Egelhaaf-Gaiser -- Die mythische Stoff des Sonnenaufgangs in ägyptischen Texten und Bilden des 15.-10. Jahrhunderts v. Chr. /
-- Daniel A. Werning.
520 ## - SUMMARY, ETC.
Summary, etc. "Fahrt ins Totenreich, Versetzung auf die Insel der Seligen, Aufstieg in den Himmel - Sphärenwechsel in antiken Mythen thematisieren wichtige Welterklärungs- und Weltbewältigungsversuche. Um solche und andere Mythen systematisch und komparatistisch fundiert aufzuarbeiten, bedarf es einer umfassenden Rahmentheorie sowie einer kulturspezifisch und kulturvergleichend applizierbaren Methodik. Die DFG-Forschungsgruppe 2064 STRATA begreift Mythen als Stoffe, die in medial unterschiedlicher Gestalt konkretisiert werden können. Eine Rekonstruktion dieser Stoffe gelingt durch die Methode der Hylemanalyse, der Extraktion und Sequenzierung kleinster handlungstragender Bausteine (Hyleme). Um die Komplexität von Mythenvarianten zu erfassen, wird ausserdem das Instrument der Stratifkationsanalyse eingesetzt, welches historisch gewachsene Schichten erkennen lässt. Die hier eingeschlagene neue Forschungsrichtung gibt Einblick in die dynamischen Überlieferungsprozesse zentraler Mythen aus antiken Kulturen und überrascht mit dem Nachweis verschiedener Strata in den untersuchten Stoffen, die ein Nebeneinander mehrerer Bedeutungsebenen generieren"--
Assigning source Provided by publisher.
546 ## - LANGUAGE NOTE
Language note Contributions in German, 1 in English.
650 #0 - SUBJECT ADDED ENTRY--TOPICAL TERM
Topical term or geographic name entry element Mythology.
650 #0 - SUBJECT ADDED ENTRY--TOPICAL TERM
Topical term or geographic name entry element Death
General subdivision Mythology.
650 #7 - SUBJECT ADDED ENTRY--TOPICAL TERM
Topical term or geographic name entry element Death
General subdivision Mythology.
Source of heading or term fast
Authority record control number or standard number (OCoLC)fst00888635
650 #7 - SUBJECT ADDED ENTRY--TOPICAL TERM
Topical term or geographic name entry element Mythology.
Source of heading or term fast
Authority record control number or standard number (OCoLC)fst01031701
650 #7 - SUBJECT ADDED ENTRY--TOPICAL TERM
Topical term or geographic name entry element Mythos.
Source of heading or term gnd
Authority record control number or standard number (DE-588)4075159-4
700 1# - ADDED ENTRY--PERSONAL NAME
Personal name Zgoll, Annette,
Relator term editor.
700 1# - ADDED ENTRY--PERSONAL NAME
Personal name Zgoll, Christian,
Relator term editor.
906 ## - LOCAL DATA ELEMENT F, LDF (RLIN)
a 7
b cbc
c copycat
d 3
e ncip
f 20
g y-gencatlg
925 0# -
-- acquire
-- 1 shelf copy
-- policy default
Holdings
Withdrawn status Lost status Damaged status Not for loan Home library Current library Shelving location Date acquired Total checkouts Full call number Barcode Date last seen Price effective from Koha item type
        Fairview Fairview General stacks 22/03/2026   201.3 LOC-FPL-00023 22/03/2026 22/03/2026 Books